Réflexions autour du lien entre les violences conjugales et l’occupation des espaces publics et privés (notice n° 1645861)

détails MARC
000 -LEADER
fixed length control field 01379cam a2200205 4500500
005 - DATE AND TIME OF LATEST TRANSACTION
control field 20260208002221.0
041 ## - LANGUAGE CODE
Language code of text/sound track or separate title fre
042 ## - AUTHENTICATION CODE
Authentication code dc
100 10 - MAIN ENTRY--PERSONAL NAME
Personal name San Martin Zapatero, Évangelina
Relator term author
245 00 - TITLE STATEMENT
Title Réflexions autour du lien entre les violences conjugales et l’occupation des espaces publics et privés
260 ## - PUBLICATION, DISTRIBUTION, ETC.
Date of publication, distribution, etc. 2017.<br/>
500 ## - GENERAL NOTE
General note 31
520 ## - SUMMARY, ETC.
Summary, etc. Le lien entre les violences perpétrées dans la sphère publique et l’occupation des espaces est établi par certaines auteures. Qu’en est-il alors de la violence et de la peur qui se vit dans l’espace privé ? Quels sont leurs effets sur l’appropriation des espaces publics et privés ? Quelles sont les frontières territoriales érigées et qui marquent les espaces d’enfermement ? À partir d’un groupe de discussion, nous allons voir comment les violences conjugales réduisent les possibilités d’occupation et d’appropriation de l’espace public et privé, entraînant un processus de « de-sol-ation ». Cela constitue un élément à prendre en compte dans les modalités d’accompagnement.
690 ## - LOCAL SUBJECT ADDED ENTRY--TOPICAL TERM (OCLC, RLIN)
Topical term or geographic name as entry element espaces
690 ## - LOCAL SUBJECT ADDED ENTRY--TOPICAL TERM (OCLC, RLIN)
Topical term or geographic name as entry element patriarcat
690 ## - LOCAL SUBJECT ADDED ENTRY--TOPICAL TERM (OCLC, RLIN)
Topical term or geographic name as entry element spatialités
690 ## - LOCAL SUBJECT ADDED ENTRY--TOPICAL TERM (OCLC, RLIN)
Topical term or geographic name as entry element violences conjugales
786 0# - DATA SOURCE ENTRY
Note Empan | 105 | 1 | 2017-03-16 | p. 120-125 | 1152-3336
856 41 - ELECTRONIC LOCATION AND ACCESS
Uniform Resource Identifier <a href="https://shs.cairn.info/revue-empan-2017-1-page-120?lang=fr&redirect-ssocas=7080">https://shs.cairn.info/revue-empan-2017-1-page-120?lang=fr&redirect-ssocas=7080</a>

Pas d'exemplaire disponible.

PLUDOC

PLUDOC est la plateforme unique et centralisée de gestion des bibliothèques physiques et numériques de Guinée administré par le CEDUST. Elle est la plus grande base de données de ressources documentaires pour les Étudiants, Enseignants chercheurs et Chercheurs de Guinée.

Adresse

627 919 101/664 919 101

25 boulevard du commerce
Kaloum, Conakry, Guinée

Réseaux sociaux

Powered by Netsen Group @ 2025